From capital to capital (Europe) Quiz Stats

 Plays Quiz not verified by Sporcle

Challenge
Share
Tweet
Embed
Score 0/25 Timer 10:00
0 Plays Today
Capital % Correct
Amsterdam - The Netherlands
99.2%
Brussels - Belgium
92.8%
Paris - France
87.6%
Berlin - Germany
82.9%
Stockholm - Sweden
74.5%
Oslo - Norway
73.3%
Copenhagen - Denmark
70.5%
London - UK
69.3%
Dublin - Ireland
68.9%
Madrid - Spain
68.9%
Rome - Italy
66.1%
Vienna - Austria
63.7%
Prague - Czech Republic
61%
Capital % Correct
Warsaw - Poland
57%
Moscow - Russia
52.2%
Kiev - Ukraine
50.2%
Ankara - Turkey
46.6%
Nicosia - Cyprus
45%
Athens - Greece
45%
Sofia - Bulgaria
43.4%
Belgrade - Serbia
41.4%
Sarajevo - Bosnia Herzegovina
41%
Zagreb - Croatia
41%
Budapest - Hungary
40.2%
Bucharest - Romania
40.2%

You're not logged in!

Compare scores with friends on all Sporcle quizzes.
Join for Free
OR
Log In

You Might Also Like...

Show Comments

Extras

Top Quizzes Today


Score Distribution

Your Account Isn't Verified!

In order to create a playlist on Sporcle, you need to verify the email address you used during registration. Go to your Sporcle Settings to finish the process.

Report this User

Report this user for behavior that violates our Community Guidelines.

Details: